000 005170000a22001810004500
003 MACL
005 20160601134009.0
008 160601b xxu||||| |||| 00| 0 eng d
040 _aMACL
_cMACL
041 _aHindi
082 _a910 VAN
100 _aवनीता
_961303
245 _aमेरी चीन यात्रा
_cवनीता
260 _bकृति प्रकाशन
_c2004
_aनई दिल्‍ली
350 _a140
650 _aGrography
_961305
942 _cHIN
_k910
_2ddc
999 _c18367
_d18367